000 00956nas a2200289 4500
001 BR0002199
003 BR-BrBNA
005 20231205101829.0
007 ta
008 230509b bl.|||p| |||| 00| 00por d
040 _aBR-BrBNA
_bpor
_cBiblioteca Nacional de Agricultura
041 _a(Pt)
072 _aF06
100 1 _aCoelho, E.F.
100 1 _aSousa, V.F. de
100 1 _aRodrigues, B.H.N.
100 1 _aSouza, V.A.B. de
100 1 _aAndrade, C. de L.T. de
245 1 _aProdutividade do meloeiro sob diferentes intervalos de irrigacao e disposicoes de linhas laterais de gotejamento em solo arenoso coeso
650 _aMelao
650 _aIrrigacao por Gotejamento
650 _aSolo Arenoso
650 _aRendimento
773 0 _tRevista Brasileira de Engenharia Agricola e Ambiental (Brazil)
_xISSN 1415-4366
_g(Sep-Dec 1999), v. 3(3) p. 309-315
_wBR0002199
909 _a202311
_bLúcia
_c55
_dLúcia Elande
942 _2AGRIS
_n0
_cANA
999 _c164201
_d164201